Kafe @ cigárko /

Hlavní autor: Doležalová, Marie, 1987-
Další autoři: Dušek, Zdeněk, 1942-
Jazyk: Čeština
Vydáno: Praha : Tympanum, s.r.o., 2016
Edice: Original
Témata:
Fyzický popis: 1 audiodisk (6 hod., 28 min.) ; 12 cm
Zvukové nahrávky
Uloženo v:
LEADER 02195nim a2200637 i 4500
001 001630098
003 CZ BrMZK
005 20180813073240.0
007 sd fungnnmmned
008 180522t20162016xr nnnne af n cze
015 |a cnb002875330 
024 3 |a 8594072272912 
040 |a BOA001  |b cze  |e rda 
043 |a e-xr--- 
045 |a x-y- 
072 7 |a 821.162.3-3  |x Česká próza  |2 Konspekt  |9 25 
072 7 |a 929  |x Biografie  |2 Konspekt  |9 8 
080 |a 821.162.3-3  |2 MRF 
080 |a 791/792.071.2-055.2  |2 MRF 
080 |a 929  |2 MRF 
080 |a (437.3)  |2 MRF 
080 |a (0:82-322.6)  |2 MRF 
080 |a (0.034.2)004.774.6  |2 MRF 
080 |a (086.7)08  |2 MRF 
080 |a (086.76)  |2 MRF 
100 1 |a Doležalová, Marie,  |d 1987-  |7 xx0155824  |4 aut  |4 nrt 
245 1 0 |a Kafe @ cigárko /  |c napsala a vypráví Marie Doležalová 
246 3 |a Kafe a cigárko 
264 1 |a Praha :  |b Tympanum, s.r.o.,  |c 2016 
264 4 |c ℗2016 
300 |a 1 audiodisk (6 hod., 28 min.) ;  |c 12 cm 
306 |a 062800 
336 |a mluvené slovo  |b spw  |2 rdacontent 
337 |a audio  |b s  |2 rdamedia 
338 |a audiodisk  |b sd  |2 rdacarrier 
344 |a digital  |b optical  |2 rda 
347 |a audio soubor  |b MP3  |2 rda 
490 1 |a Original 
500 |a Název z disku 
500 |a Podle knihy Marie Doležalové Kafe a cigárko aneb Historky z hereckého podsvětí vydané nakladatelstvím Domino v roce 2015 
500 |a Nezkrácená verze na mp3 CD 
508 |a Režie Zdeněk Dušek 
600 1 7 |a Doležalová, Marie,  |d 1987-  |7 xx0155824  |2 czenas 
648 7 |a 20.-21. století  |7 ch462155  |2 czenas 
650 0 7 |a herečky  |7 ph120685  |z Česko  |y 20.-21. století  |2 czenas 
655 7 |a české prózy  |7 fd133972  |2 czenas 
655 7 |a autobiografické prózy  |7 fd131850  |2 czenas 
655 7 |a blogy  |7 fd376279  |2 czenas 
655 7 |a audioknihy  |7 fd119452  |2 czenas 
655 7 |a kompaktní disky  |7 fd201991  |2 czenas 
700 1 |a Dušek, Zdeněk,  |d 1942-  |7 xx0158591  |4 drt 
830 0 |a Original 
910 |a BOA001  |b CDR-1409.460 
990 |a AV 
991 |b 201808  |c NOV 
996 6 |b 2610744665  |c CDR-1409.460  |l MZK  |r Sklad / do 24 hodin  |n 2  |p p.v.  |w 001666218  |u 000010  |a 1  |e BOA001  |j MZK50  |s P